PENSAMIENTO ESPAÑOL /

Αποθηκεύτηκε σε:
Λεπτομέρειες βιβλιογραφικής εγγραφής
Άλλοι συγγραφείς: Gaos, José (selección) (selección)
Μορφή: Βιβλίο
Σειρά:BIBLIOTECA ENCICLOPEDICA POPULAR; 56
Θέματα:
Ετικέτες: Προσθήκη ετικέτας
Δεν υπάρχουν, Καταχωρήστε ετικέτα πρώτοι!

MARC

LEADER 00000nam^a2200000^a^4500
001 000228703
005 20250521000000.0
009 20260310104335.021
035 |a 047818 
037 |a Acervo Xavier Clavigero 
082 |a 864.  |b PEN 
245 1 0 |a PENSAMIENTO ESPAÑOL /  |c SELEC. JOSE GAOS 
264 |a MEXICO :  |b SEP,  |c 1945 
300 |a 91p. 
336 |a texto  |b txt  |2 rdacontenido 
337 |a sin mediación  |b n  |2 rdamedio 
338 |a volumen  |b nc  |2 rdasoporte 
440 |a BIBLIOTECA ENCICLOPEDICA POPULAR;  |v 56 
649 |a XX 
650 |a Ensayos Españoles 
700 |a Gaos, José  |e (selección) 
910 |a Fondo General 
920 |a Impresos - Libros 
930 |a Colección General 
940 |a Literatura 
905 |a 101 
901 |a 047818  |b IT1  |c LIT  |i 047818  |u 20250521 
902 |a https://opac.biblio.iteso.mx/vufind/Record/000228703